|
|
|
|
| LEADER |
01178nam a22003012a 4500 |
| 001 |
001373984 |
| 003 |
CZ BrMZK |
| 005 |
20241113071758.0 |
| 007 |
ta |
| 008 |
140314s1962 xr er|||||||||||cze d |
| 015 |
|
|
|a cnb000689720
|
| 035 |
|
|
|a (OCoLC)85470402
|
| 040 |
|
|
|a ABD007
|b cze
|c ABD007
|d BOA001
|
| 080 |
|
|
|a 612.46
|2 MRF-sel
|
| 100 |
1 |
|
|a Brod, Jan,
|d 1912-1985
|7 jk01013135
|4 aut
|
| 245 |
1 |
0 |
|a Ledviny :
|b fysiologie, klinická fysiologie a klinika /
|c Jan Brod
|
| 250 |
|
|
|a 1. vyd.
|
| 260 |
|
|
|a Praha :
|b Státní zdravotnické nakladatelství,
|c 1962
|
| 300 |
|
|
|a 1043 s., [59] s. obr. příl :
|b il. ;
|c 25 cm
|
| 504 |
|
|
|a Obsahuje bibliografii a rejstříky
|
| 500 |
|
|
|a Dostupné též v digitální podobě v aplikaci Kramerius
|
| 650 |
0 |
7 |
|a ledviny
|2 czenas
|
| 856 |
4 |
1 |
|u http://www.digitalniknihovna.cz/mzk/uuid/uuid:e48fa620-a579-11ef-af6a-0050568d319f
|y Digitalizovaný dokument
|x NDK
|
| 910 |
|
|
|a BOA001
|b 2-0479.238
|
| 990 |
|
|
|a BK
|
| 991 |
|
|
|b 201403
|
| 996 |
6 |
|
|b 2619063231
|c 2-0479.238
|l MZK
|r Sklad / do 24 hodin
|n 0
|w 001409004
|u 000020
|a 1
|e BOA001
|j MZK50
|s P
|
| 996 |
7 |
|
|b 2619063232
|c 2-0479.238
|l MZK
|r Sklad / do 24 hodin
|n 1
|w 001409004
|u 000010
|a 1
|e BOA001
|j MZK50
|s A
|